[Event "DSM WK M 2009"]
[Site "Karlsruhe GER"]
[Date "2009.05.17"]
[Round "5"]
[White "Moyrer, Maren"]
[Black "Berger, Nadja"]
[Result "0-1"]
[Termination "normal"]
[Board "1.1"]
[WhiteElo "984"]
[BlackElo "1579"]
[WhiteTeam "Schönborn-Gymnasium Bruchsal"]
[BlackTeam "Friedrich-Dessauer-Gymnasium Aschaffenburg"]
[PlyCount "52"]
[BlackFideId "24692212"]
[EventCountry "GER"]
[EventRounds "7"]
[EventType "team-swiss"]
[EventDate "2009.05.15"]

1. e4 c5 2. Nf3 Nc6 3. d4 cxd4 4. Nxd4 e5 5. Nf3 Nf6 6. Bd3 Be7 7. O-O O-O 8.
c4 d6 9. Nc3 Bg4 10. Nd5 Nxd5 11. exd5 Nd4 12. Be2 Nxe2+ 13. Qxe2 f5 14. Qe3
Rc8 15. b3 a6 16. Bd2 Qe8 17. h3 Bh5 18. Qc3 Bf6 19. Bg5 e4 20. Bxf6 exf3 21.
Bxg7 Qg6 22. g3 Qxg7 23. Qe3 f4 24. Qe6+ Kh8 25. g4 Rce8 26. Qxd6 Bxg4 0-1

[Event "DSM WK M 2009"]
[Site "Karlsruhe GER"]
[Date "2009.05.17"]
[Round "5"]
[White "Stolcz, Bianca"]
[Black "Brambach, Selina"]
[Result "1/2-1/2"]
[Termination "normal"]
[Board "1.2"]
[WhiteElo "1435"]
[BlackElo "967"]
[WhiteTeam "Friedrich-Dessauer-Gymnasium Aschaffenburg"]
[BlackTeam "Schönborn-Gymnasium Bruchsal"]
[PlyCount "53"]
[WhiteFideId "24654914"]
[EventCountry "GER"]
[EventRounds "7"]
[EventType "team-swiss"]
[EventDate "2009.05.15"]

1. e4 e6 2. d4 d5 3. e5 c5 4. c3 Qb6 5. Nf3 Nc6 6. Bd3 cxd4 7. cxd4 Nxd4 8.
Nxd4 Bc5 9. Bb5+ Bd7 10. Bxd7+ Kxd7 11. Qa4+ Kd8 12. Be3 Qxb2 13. Qb5 b6 14.
Qa6 Qxa1 15. Nc6+ Kc7 16. O-O Bxe3 17. fxe3 Kxc6 18. Qa4+ Kc7 19. Rxf7+ Ne7 20.
Rxe7+ Kb8 21. Re8+ Rxe8 22. Qxe8+ Kb7 23. Qd7+ Ka6 24. Qa4+ Kb7 25. Qd7+ Kb8
26. Qd8+ Kb7 27. Qd7+ 1/2-1/2

[Event "DSM WK M 2009"]
[Site "Karlsruhe GER"]
[Date "2009.05.17"]
[Round "5"]
[White "Bürger, Nicoletta"]
[Black "Künstler, Tabea"]
[Result "0-1"]
[Termination "normal"]
[Board "1.3"]
[WhiteElo "984"]
[BlackElo "1106"]
[WhiteTeam "Schönborn-Gymnasium Bruchsal"]
[BlackTeam "Friedrich-Dessauer-Gymnasium Aschaffenburg"]
[PlyCount "76"]
[EventCountry "GER"]
[EventRounds "7"]
[EventType "team-swiss"]
[EventDate "2009.05.15"]

1. e4 e6 2. d4 d5 3. exd5 exd5 4. Nc3 Bf5 5. Nf3 Nc6 6. Bd3 Bxd3 7. Qxd3 a6 8.
O-O Qd6 9. Re1+ Be7 10. a3 Nf6 11. Bg5 O-O-O 12. b4 Nb8 13. b5 a5 14. Na4 b6
15. Qf5+ Nbd7 16. Ne5 Rdf8 17. Nc6 Re8 18. Bf4 Qe6 19. Rxe6 fxe6 20. Qxe6 Bd6
21. Qf5 g6 22. Qg5 Ne4 23. Qh4 Bxf4 24. Qxf4 Rhf8 25. Qh4 h5 26. f3 Nd6 27. Re1
Rxe1+ 28. Qxe1 Nxb5 29. Qe6 g5 30. Ne5 Rd8 31. Nb2 Nxd4 32. Qxd5 Ne2+ 33. Kf2
Nf4 34. Qa8+ Nb8 35. Nc6 Re8 36. Qxb8+ Kd7 37. Qb7 Re2+ 38. Kg3 Rxg2# 0-1

[Event "DSM WK M 2009"]
[Site "Karlsruhe GER"]
[Date "2009.05.17"]
[Round "5"]
[White "Schnepper, Pauline"]
[Black "Bischoff, Marlene"]
[Result "1-0"]
[Termination "normal"]
[Board "1.4"]
[WhiteElo "1237"]
[BlackElo "966"]
[WhiteTeam "Friedrich-Dessauer-Gymnasium Aschaffenburg"]
[BlackTeam "Schönborn-Gymnasium Bruchsal"]
[PlyCount "97"]
[WhiteFideId "12918040"]
[EventCountry "GER"]
[EventRounds "7"]
[EventType "team-swiss"]
[EventDate "2009.05.15"]

1. e4 e6 2. d4 d5 3. exd5 exd5 4. Nf3 Bg4 5. Be2 Nf6 6. O-O Nc6 7. Bg5 Be7 8.
Nc3 Qd7 9. Re1 O-O-O 10. h3 Bh5 11. a4 h6 12. Bh4 g5 13. Bg3 Ne4 14. Ne5 Bxe2
15. Qxe2 Nxg3 16. fxg3 Nxe5 17. Qxe5 Bd6 18. Qe3 Rde8 19. Qf3 Bb4 20. Rxe8+
Rxe8 21. Nxd5 Qd6 22. c3 Ba5 23. b4 Bxb4 24. Nxb4 Re6 25. Qxf7 Re2 26. Qf5+ Kd8
27. Qd5 Ke7 28. Qxd6+ Kxd6 29. Kf1 Re3 30. Rc1 Rxg3 31. Kf2 c5 32. dxc5+ Kxc5
33. Kxg3 b5 34. a5 Kd6 35. Kg4 Ke5 36. Kh5 Kf5 37. Rf1+ Ke4 38. Rf3 Ke5 39.
Kxh6 a6 40. Kxg5 Kd6 41. Rf5 Ke6 42. h4 Kd7 43. h5 Ke7 44. Rf6 Kd7 45. h6 Ke7
46. h7 Kd7 47. h8=R Ke7 48. Rh7+ Kd8 49. Rf8# 1-0

[Event "DSM WK M 2009"]
[Site "Karlsruhe GER"]
[Date "2009.05.17"]
[Round "5"]
[White "Klinger, Jacquelin"]
[Black "Kohm, Vanessa"]
[Result "1/2-1/2"]
[Termination "normal"]
[Board "2.1"]
[WhiteElo "1329"]
[BlackElo "1732"]
[WhiteTeam "Märkische Schule Wattenscheid"]
[BlackTeam "Gymnasium Kenzingen"]
[PlyCount "59"]
[BlackFideId "4674472"]
[EventCountry "GER"]
[EventRounds "7"]
[EventType "team-swiss"]
[EventDate "2009.05.15"]

1. e4 c5 2. Nf3 Nc6 3. g3 e6 4. Bg2 a6 5. d3 Nge7 6. O-O g6 7. Nbd2 Bg7 8. Re1
d6 9. Rb1 b5 10. b3 O-O 11. Bb2 Bxb2 12. Rxb2 b4 13. Rb1 Na7 14. Nc4 Nb5 15.
Qd2 Nc6 16. Qh6 f6 17. e5 d5 18. exf6 Qxf6 19. Ne3 Ra7 20. Ng4 Qg7 21. Qxg7+
Kxg7 22. Nge5 Nbd4 23. Nxc6 Nxc6 24. Re2 Re7 25. Rbe1 Rfe8 26. Bh3 h6 27. Kf1
Kf6 28. Rc1 Nd4 29. Nxd4 cxd4 30. Rce1 1/2-1/2

[Event "DSM WK M 2009"]
[Site "Karlsruhe GER"]
[Date "2009.05.17"]
[Round "5"]
[White "Berger, Melanie"]
[Black "Schulze, Tabea"]
[Result "1-0"]
[Termination "normal"]
[Board "2.3"]
[WhiteElo "1395"]
[BlackElo "1036"]
[WhiteTeam "Märkische Schule Wattenscheid"]
[BlackTeam "Gymnasium Kenzingen"]
[PlyCount "87"]
[EventCountry "GER"]
[EventRounds "7"]
[EventType "team-swiss"]
[EventDate "2009.05.15"]

1. d4 d5 2. c4 dxc4 3. Nc3 Nf6 4. Nf3 e6 5. e3 Bd6 6. Bxc4 O-O 7. O-O Nc6 8. b3
Re8 9. Bb2 e5 10. dxe5 Nxe5 11. Nxe5 Bxe5 12. Qxd8 Rxd8 13. Rfd1 Bf5 14. Rac1
Ne4 15. Bd5 c6 16. Bxe4 Bxe4 17. Nxe4 Bxb2 18. Rb1 Be5 19. Rd2 Rd5 20. Rbd1
Rad8 21. Rxd5 cxd5 22. f3 Bf6 23. Nxf6+ gxf6 24. Kf2 Kf8 25. Rd4 Ke7 26. g3 Rd6
27. a4 Ke6 28. Rh4 Rb6 29. b4 a6 30. Ke2 Rc6 31. Kd2 Rc4 32. Rxh7 Rxb4 33. Rh4
Rc4 34. Rd4 Ke5 35. h4 Rxd4+ 36. exd4+ Kf5 37. Kc3 b5 38. axb5 axb5 39. Kb4 Ke6
40. Kxb5 f5 41. Kc6 f6 42. h5 f4 43. gxf4 f5 44. h6 1-0

[Event "DSM WK M 2009"]
[Site "Karlsruhe GER"]
[Date "2009.05.17"]
[Round "5"]
[White "Zimmermann, Lara"]
[Black "Müller, Laura Margarita"]
[Result "0-1"]
[Termination "normal"]
[Board "2.4"]
[WhiteElo "1006"]
[BlackElo "1432"]
[WhiteTeam "Gymnasium Kenzingen"]
[BlackTeam "Märkische Schule Wattenscheid"]
[PlyCount "62"]
[BlackFideId "12917923"]
[EventCountry "GER"]
[EventRounds "7"]
[EventType "team-swiss"]
[EventDate "2009.05.15"]

1. e4 e5 2. Nf3 Nc6 3. Bc4 Bc5 4. c3 d6 5. d4 exd4 6. cxd4 Bb4+ 7. Nc3 Bg4 8.
O-O Nge7 9. Bg5 f6 10. Be3 a6 11. h3 Bh5 12. a3 Ba5 13. Re1 Bxf3 14. Qxf3 Qd7
15. Rad1 O-O-O 16. Bf4 g5 17. d5 Ne5 18. Bxe5 fxe5 19. b4 Bb6 20. b5 a5 21. Qg3
Rdf8 22. Rd2 Rhg8 23. Rf1 h5 24. Be2 Qe8 25. Kh1 Rf4 26. a4 Qf7 27. f3 g4 28.
Rd3 gxf3 29. Qe1 fxg2+ 30. Kh2 Rxf1 31. Bxf1 g1=Q# 0-1

[Event "DSM WK M 2009"]
[Site "Karlsruhe GER"]
[Date "2009.05.17"]
[Round "5"]
[White "Kickert, Germaine Helene"]
[Black "Kinzel, Tiffany"]
[Result "1/2-1/2"]
[Termination "normal"]
[Board "3.1"]
[WhiteElo "1926"]
[BlackElo "1765"]
[WhiteTeam "Mariengymnasium Jever"]
[BlackTeam "Staatliches Gymnasium Arnstadt"]
[PlyCount "50"]
[WhiteFideId "24614890"]
[BlackFideId "4633741"]
[EventCountry "GER"]
[EventRounds "7"]
[EventType "team-swiss"]
[EventDate "2009.05.15"]

1. e4 c5 2. Nc3 e6 3. g3 Ne7 4. Nge2 a6 5. a4 b6 6. Bg2 Nbc6 7. O-O g6 8. d4
cxd4 9. Nxd4 Bg7 10. Be3 O-O 11. Qd2 Qc7 12. Rad1 Rb8 13. Bf4 e5 14. Nxc6 dxc6
15. Be3 Bg4 16. f3 Be6 17. Qd6 Qb7 18. Bg5 Nc8 19. Qd3 b5 20. b3 h6 21. Be3 Nb6
22. a5 Nd7 23. Rf2 Rfd8 24. Rfd2 Bf8 25. Na2 Qc7 1/2-1/2

[Event "DSM WK M 2009"]
[Site "Karlsruhe GER"]
[Date "2009.05.17"]
[Round "5"]
[White "Jünger, Theresa"]
[Black "Siewert, Jessica"]
[Result "1-0"]
[Termination "normal"]
[Board "3.2"]
[WhiteElo "1422"]
[BlackElo "905"]
[WhiteTeam "Staatliches Gymnasium Arnstadt"]
[BlackTeam "Mariengymnasium Jever"]
[PlyCount "129"]
[EventCountry "GER"]
[EventRounds "7"]
[EventType "team-swiss"]
[EventDate "2009.05.15"]

1. d4 d5 2. e3 Nf6 3. Bd3 e6 4. f4 c5 5. c3 c4 6. Bc2 Nc6 7. Nf3 h6 8. Ne5 Nxe5
9. fxe5 Ne4 10. O-O f6 11. Qh5+ Ke7 12. b3 Qe8 13. Qxe8+ Kxe8 14. Bxe4 dxe4 15.
exf6 cxb3 16. axb3 Kf7 17. fxg7+ Kxg7 18. Nd2 Kg8 19. Nxe4 Be7 20. Ba3 Bg5 21.
Nxg5 hxg5 22. Rf8+ Kg7 23. Rxh8 Kxh8 24. Rf1 Kg7 25. Be7 Kh6 26. Rf8 Kg7 27.
Rd8 g4 28. Kf2 Kg6 29. Kg3 Kf5 30. h4 gxh3 31. gxh3 a6 32. h4 Kg6 33. Kf4 a5
34. Ke5 b5 35. Bc5 Kh5 36. Rh8+ Kg6 37. Rf8 a4 38. bxa4 bxa4 39. Kf4 a3 40.
Bxa3 Rxa3 41. Rxc8 Kh5 42. Ke5 Kxh4 43. Kxe6 Ra6+ 44. Kd5 Ra5+ 45. Rc5 Ra8 46.
e4 Kg5 47. e5 Kf5 48. Rc6 Ra5+ 49. Kd6 Ra8 50. e6 Kf6 51. d5 Rd8+ 52. Kc5 Ke7
53. Rc7+ Ke8 54. c4 Ra8 55. Kd6 Ra6+ 56. Rc6 Ra7 57. c5 Ra8 58. Rc7 Rd8+ 59.
Rd7 Rc8 60. c6 Kf8 61. c7 Ke8 62. Rd8+ Rxd8+ 63. cxd8=Q+ Kxd8 64. Ke5 Ke7 65.
d6+ 1-0

[Event "DSM WK M 2009"]
[Site "Karlsruhe GER"]
[Date "2009.05.17"]
[Round "5"]
[White "Gregorzewski, Marie Sophie"]
[Black "Freesemann, Tanja"]
[Result "1-0"]
[Termination "normal"]
[Board "3.4"]
[WhiteElo "1126"]
[BlackElo "800"]
[WhiteTeam "Staatliches Gymnasium Arnstadt"]
[BlackTeam "Mariengymnasium Jever"]
[PlyCount "107"]
[EventCountry "GER"]
[EventRounds "7"]
[EventType "team-swiss"]
[EventDate "2009.05.15"]

1. d4 d5 2. e3 Nf6 3. Bd3 Bg4 4. Ne2 e6 5. f4 Bd6 6. c3 Qd7 7. Nd2 Nc6 8. O-O
O-O 9. Nf3 h6 10. Ne5 Nxe5 11. fxe5 Be7 12. exf6 Bxf6 13. Qe1 Rfe8 14. Bd2 e5
15. Qf2 Bg5 16. Ng3 e4 17. Be2 Be6 18. Nh5 Qe7 19. Qg3 f5 20. Qe1 g6 21. Nf4
Bf7 22. Qd1 Qd6 23. Be1 Kg7 24. Bg3 c6 25. Nh5+ gxh5 26. Bxd6 Rh8 27. Be5+ Bf6
28. Bxf6+ Kxf6 29. Bxh5 Rhg8 30. Bxf7 Rg5 31. Qe2 Kxf7 32. Rf4 Kg6 33. Raf1 Rf8
34. g4 Rf6 35. h4 Rxg4+ 36. Rxg4+ fxg4 37. Rxf6+ Kxf6 38. Qxg4 Ke7 39. Qg7+ Kd8
40. Kg2 Kc8 41. Kg3 a6 42. Kg4 Kb8 43. Qf8+ Ka7 44. Qc5+ Kb8 45. Kh5 Kc7 46.
Kxh6 a5 47. Kg6 b6 48. Qe7+ Kc8 49. Kf6 c5 50. Ke6 cxd4 51. cxd4 a4 52. Kd6 Kb8
53. Kc6 Ka8 54. Qb7# 1-0

[Event "DSM WK M 2009"]
[Site "Karlsruhe GER"]
[Date "2009.05.17"]
[Round "5"]
[White "Rolfs, Rebecca"]
[Black "Steffens, Skrolan"]
[Result "0-1"]
[Termination "normal"]
[Board "4.1"]
[WhiteElo "1107"]
[BlackElo "1195"]
[WhiteTeam "Matthias-Claudius-Gymnasium Hamburg"]
[BlackTeam "Athenaeum Stade"]
[PlyCount "100"]
[WhiteFideId "24658219"]
[EventCountry "GER"]
[EventRounds "7"]
[EventType "team-swiss"]
[EventDate "2009.05.15"]

1. e4 g6 2. Nf3 Bg7 3. d4 d6 4. Be2 a6 5. O-O b5 6. c3 Bb7 7. Qd3 Nd7 8. Bg5
Ngf6 9. Nbd2 O-O 10. Nh4 c5 11. d5 c4 12. Qe3 Re8 13. Bh6 e5 14. Qg5 Nc5 15.
Bf3 Nfd7 16. Qxd8 Raxd8 17. Bxg7 Kxg7 18. Be2 h6 19. f4 exf4 20. Rxf4 Nf6 21.
Raf1 Ncd7 22. g4 Re7 23. Kh1 Rf8 24. Rg1 Nh7 25. Ndf3 Nc5 26. Nd2 Rfe8 27. Bd1
Nxe4 28. Nxe4 Rxe4 29. Rxe4 Rxe4 30. Bf3 Re5 31. Rd1 Re3 32. Bg2 Nf6 33. h3 Re5
34. Kh2 Bxd5 35. Bxd5 Nxd5 36. Rd2 Ne3 37. Kg1 Rd5 38. Rxd5 Nxd5 39. Nf3 Ne3
40. Kf2 Nd1+ 41. Kg2 Nxb2 42. Kg3 Nd1 43. h4 g5 44. Nd4 Nxc3 45. Nc6 Nxa2 46.
Nb8 a5 47. Nc6 a4 48. Na7 b4 49. Nc8 c3 50. Nxd6 c2 0-1

[Event "DSM WK M 2009"]
[Site "Karlsruhe GER"]
[Date "2009.05.17"]
[Round "5"]
[White "Lange, Anika"]
[Black "Thiebach, Janina"]
[Result "1-0"]
[Termination "normal"]
[Board "4.2"]
[WhiteElo "1221"]
[BlackElo "800"]
[WhiteTeam "Athenaeum Stade"]
[BlackTeam "Matthias-Claudius-Gymnasium Hamburg"]
[PlyCount "71"]
[WhiteFideId "24693405"]
[BlackFideId "12909360"]
[EventCountry "GER"]
[EventRounds "7"]
[EventType "team-swiss"]
[EventDate "2009.05.15"]

1. e4 e5 2. f4 Nc6 3. Nf3 d6 4. Bc4 exf4 5. O-O Nf6 6. Nc3 Be6 7. Bxe6 fxe6 8.
d4 d5 9. exd5 exd5 10. Re1+ Be7 11. Bxf4 O-O 12. Ng5 Qd7 13. Ne6 Rf7 14. Nxc7
Rc8 15. Ne6 Na5 16. Qf3 Nc4 17. Rab1 Rc6 18. Ng5 Rf8 19. Qd3 Bd6 20. Bxd6 Rxd6
21. Nxd5 Rxd5 22. Qxc4 Re8 23. a3 b5 24. Qb3 Kf8 25. Rxe8+ Qxe8 26. Qb4+ Kg8
27. Nf3 Qe2 28. Re1 Qxc2 29. Re7 a6 30. Ra7 h6 31. Ra8+ Kh7 32. Qe7 Qxb2 33.
Ra7 Kg6 34. Qxg7+ Kf5 35. Nh4+ Ke6 36. Qe7# 1-0

[Event "DSM WK M 2009"]
[Site "Karlsruhe GER"]
[Date "2009.05.17"]
[Round "5"]
[White "Kiemele, Nicole"]
[Black "Wessel, Thea"]
[Result "1-0"]
[Termination "normal"]
[Board "4.3"]
[WhiteElo "796"]
[BlackElo "935"]
[WhiteTeam "Matthias-Claudius-Gymnasium Hamburg"]
[BlackTeam "Athenaeum Stade"]
[PlyCount "67"]
[EventCountry "GER"]
[EventRounds "7"]
[EventType "team-swiss"]
[EventDate "2009.05.15"]

1. e4 c5 2. Bc4 d6 3. Nf3 e6 4. d3 Be7 5. Nc3 Nc6 6. O-O Nd4 7. Nxd4 cxd4 8.
Ne2 e5 9. f4 Nf6 10. f5 O-O 11. Ng3 a6 12. Nh5 b5 13. Nxf6+ Bxf6 14. Bd5 Rb8
15. Qg4 Bb7 16. Bxb7 Rxb7 17. Bd2 a5 18. Rf3 Kh8 19. Rh3 g6 20. fxg6 fxg6 21.
Qxg6 Rg8 22. Qf5 Qe7 23. Rf1 Rf8 24. Bh6 Rf7 25. Rhf3 Rb8 26. c4 dxc3 27. bxc3
b4 28. cxb4 axb4 29. Rc1 Ra8 30. Rc8+ Rxc8 31. Qxc8+ Qd8 32. Qe6 Qb6+ 33. Kf1
Qc5 34. Qe8+ 1-0

[Event "DSM WK M 2009"]
[Site "Karlsruhe GER"]
[Date "2009.05.17"]
[Round "5"]
[White "Hohmann, Jessica"]
[Black "Hölzer, Jeanette"]
[Result "0-1"]
[Termination "normal"]
[Board "4.4"]
[WhiteElo "800"]
[BlackElo "800"]
[WhiteTeam "Athenaeum Stade"]
[BlackTeam "Matthias-Claudius-Gymnasium Hamburg"]
[PlyCount "96"]
[BlackFideId "12917982"]
[EventCountry "GER"]
[EventRounds "7"]
[EventType "team-swiss"]
[EventDate "2009.05.15"]

1. Nc3 e5 2. e4 Nf6 3. d3 Bc5 4. Bg5 h6 5. Bxf6 Qxf6 6. Qd2 d6 7. Nf3 Bg4 8.
O-O-O Bxf3 9. gxf3 Qxf3 10. Rg1 g5 11. Nd5 Na6 12. Bg2 Qg4 13. h3 Qe6 14. Rge1
c6 15. Nc3 Bb4 16. Kb1 d5 17. d4 dxe4 18. Bxe4 f6 19. dxe5 fxe5 20. a3 Ba5 21.
Qd3 Nc5 22. Bg6+ Kf8 23. Qf5+ Qxf5 24. Bxf5 Bxc3 25. bxc3 Na4 26. Rd3 Re8 27.
Ree3 Nc5 28. Bd7 Re7 29. Rf3+ Kg7 30. Rd1 Nxd7 31. Re1 Rf8 32. Rxf8 Kxf8 33. c4
e4 34. c3 b5 35. cxb5 cxb5 36. Kb2 Nc5 37. Rf1 a5 38. f3 e3 39. f4 Nd3+ 40. Kc2
e2 41. Rf3 Ne1+ 42. Kd2 Nxf3+ 43. Kc2 e1=Q 44. fxg5 Qd2+ 45. Kb3 Re3 46. a4
Qxc3+ 47. Ka2 Re2+ 48. Kb1 Qe1# 0-1

[Event "DSM WK M 2009"]
[Site "Karlsruhe GER"]
[Date "2009.05.17"]
[Round "5"]
[White "Bajorski, Maria Sophie"]
[Black "Raab, Helen"]
[Result "0-1"]
[Termination "normal"]
[Board "5.1"]
[WhiteElo "1270"]
[BlackElo "1587"]
[WhiteTeam "Marienschule Limburg"]
[BlackTeam "Otto-Schott-Gymnasium Mainz-Gonsenheim"]
[PlyCount "86"]
[WhiteFideId "24654531"]
[BlackFideId "24653608"]
[EventCountry "GER"]
[EventRounds "7"]
[EventType "team-swiss"]
[EventDate "2009.05.15"]

1. e4 e6 2. Nf3 d5 3. Nc3 Nf6 4. e5 Nfd7 5. d4 c5 6. dxc5 Bxc5 7. Bd3 Nc6 8.
Bf4 Qb6 9. O-O Qxb2 10. Nb5 Ke7 11. Bd2 d4 12. Qe2 a6 13. Rfb1 Qxb1+ 14. Rxb1
axb5 15. Rb2 b4 16. Bb5 Rd8 17. Bxc6 bxc6 18. Bxb4 Bxb4 19. Rxb4 Rxa2 20. h3
Ba6 21. Qe4 c5 22. Rb1 h6 23. Qh4+ Ke8 24. Rc1 Bb7 25. Qg3 Kf8 26. Ne1 c4 27.
f4 Nc5 28. Rd1 Be4 29. c3 d3 30. Qe3 Rc8 31. Rb1 d2 32. Rd1 dxe1=Q+ 33. Qxe1
Rxg2+ 34. Kf1 Rh2 35. Qg3 Rh1+ 36. Ke2 Bd3+ 37. Ke3 Rxd1 38. Qf3 Re1+ 39. Kd2
Re2+ 40. Kd1 Rb8 41. Qe3 Rxe3 42. f5 Rb1+ 43. Kd2 Re2# 0-1

[Event "DSM WK M 2009"]
[Site "Karlsruhe GER"]
[Date "2009.05.17"]
[Round "5"]
[White "Efinger, Leila"]
[Black "Liez, Franziska"]
[Result "1/2-1/2"]
[Termination "normal"]
[Board "5.2"]
[WhiteElo "956"]
[BlackElo "1117"]
[WhiteTeam "Otto-Schott-Gymnasium Mainz-Gonsenheim"]
[BlackTeam "Marienschule Limburg"]
[PlyCount "129"]
[WhiteFideId "12931705"]
[BlackFideId "1271766"]
[EventCountry "GER"]
[EventRounds "7"]
[EventType "team-swiss"]
[EventDate "2009.05.15"]

1. d4 d5 2. Bf4 Nc6 3. e3 Nf6 4. c3 Bf5 5. Nf3 e6 6. Nbd2 Bd6 7. Bg3 O-O 8. Nh4
Bg4 9. Nhf3 Re8 10. Bd3 e5 11. dxe5 Bxe5 12. Qc2 Bd6 13. O-O-O Ne5 14. Bxe5
Bxe5 15. Rde1 c5 16. Ng5 g6 17. h3 Bd7 18. Qd1 d4 19. c4 Qa5 20. Kb1 b5 21. Nb3
Qb6 22. Qc2 Rec8 23. Nf3 Re8 24. cxb5 Bxb5 25. Bxb5 Qxb5 26. exd4 cxd4 27.
Nfxd4 Qb7 28. Qc6 Qxc6 29. Nxc6 Bd6 30. Rxe8+ Nxe8 31. Re1 a6 32. Nba5 Nf6 33.
Rd1 Bc7 34. Nb3 Re8 35. Rc1 Bb6 36. f3 Re2 37. Rc2 Re1+ 38. Rc1 Re2 39. Rc2
Re1+ 40. Nc1 Kg7 41. Re2 Rg1 42. Kc2 h5 43. Nd3 Nd5 44. g4 hxg4 45. hxg4 Rg3
46. Ne1 Nf4 47. Re7 Bc5 48. Re4 Bd6 49. Kd2 Rh3 50. Ke3 Nd5+ 51. Kd4 Nf6 52.
Re2 g5 53. b4 Nd7 54. a4 Rh6 55. b5 axb5 56. axb5 Nb6 57. Nc2 Bc7 58. N2b4 Rd6+
59. Kc3 Rf6 60. Re3 Na4+ 61. Kc4 Nb6+ 62. Kc5 Na4+ 63. Kc4 Nb6+ 64. Kc5 Na4+
65. Kc4 1/2-1/2

[Event "DSM WK M 2009"]
[Site "Karlsruhe GER"]
[Date "2009.05.17"]
[Round "5"]
[White "Liez, Tatjana"]
[Black "Beck, Clara"]
[Result "0-1"]
[Termination "normal"]
[Board "5.3"]
[WhiteElo "885"]
[BlackElo "758"]
[WhiteTeam "Marienschule Limburg"]
[BlackTeam "Otto-Schott-Gymnasium Mainz-Gonsenheim"]
[PlyCount "140"]
[WhiteFideId "1271769"]
[EventCountry "GER"]
[EventRounds "7"]
[EventType "team-swiss"]
[EventDate "2009.05.15"]

1. e4 e5 2. Nf3 Nc6 3. Bc4 Bc5 4. d3 Nf6 5. Nc3 O-O 6. Bg5 Bb4 7. a3 Bxc3+ 8.
bxc3 d6 9. O-O h6 10. Bh4 Qe7 11. Re1 Bg4 12. Qe2 Na5 13. Bb3 Nxb3 14. cxb3 Qe6
15. c4 c6 16. b4 Bxf3 17. Qxf3 d5 18. Bxf6 Qxf6 19. Qxf6 gxf6 20. exd5 cxd5 21.
cxd5 Rfd8 22. Re3 Rxd5 23. Rg3+ Kh7 24. Rc1 Rad8 25. Kf1 Rxd3 26. Rxd3 Rxd3 27.
Rc7 Kg7 28. Rxb7 Rxa3 29. Ke2 a6 30. Ra7 Rb3 31. Rxa6 Rxb4 32. Ke3 Rg4 33. g3
f5 34. h3 Rb4 35. Ra5 Rb3+ 36. Ke2 f6 37. Rd5 f4 38. Rd3 Rxd3 39. Kxd3 fxg3 40.
fxg3 Kg6 41. Ke4 Kg5 42. Kf3 h5 43. Ke4 h4 44. g4 Kg6 45. Ke3 f5 46. Kf3 Kg5
47. gxf5 Kxf5 48. Ke2 Ke4 49. Kf2 Kd3 50. Ke1 Ke3 51. Kf1 Kd2 52. Kg2 e4 53.
Kf2 e3+ 54. Kg2 e2 55. Kf3 e1=Q 56. Kf4 Qg3+ 57. Ke4 Qf2 58. Ke5 Qg2 59. Kf4
Qxh3 60. Ke4 Qf1 61. Kd4 h3 62. Ke4 h2 63. Kd4 h1=Q 64. Ke5 Qc4 65. Kd6 Qb5 66.
Kc7 Qg5 67. Kd7 Qg6 68. Ke7 Qa6 69. Kf8 Qhb7 70. Ke8 Qaa8# 0-1

[Event "DSM WK M 2009"]
[Site "Karlsruhe GER"]
[Date "2009.05.17"]
[Round "5"]
[White "Woider, Stella"]
[Black "Heinz, Michelle"]
[Result "0-1"]
[Termination "normal"]
[Board "5.4"]
[WhiteElo "762"]
[BlackElo "800"]
[WhiteTeam "Otto-Schott-Gymnasium Mainz-Gonsenheim"]
[BlackTeam "Marienschule Limburg"]
[PlyCount "116"]
[BlackFideId "1271782"]
[EventCountry "GER"]
[EventRounds "7"]
[EventType "team-swiss"]
[EventDate "2009.05.15"]

1. e4 e5 2. Nf3 Nc6 3. Bc4 Nf6 4. d3 Bc5 5. Bg5 h6 6. h3 O-O 7. Bh4 d6 8. Nc3
Be6 9. Bxe6 fxe6 10. O-O Qd7 11. Na4 Bb6 12. c3 d5 13. exd5 exd5 14. Re1 Qf5
15. d4 e4 16. Nh2 Na5 17. f3 c6 18. Nxb6 axb6 19. Nf1 Nc4 20. b3 Nb2 21. Qc2
Nd3 22. Re2 exf3 23. Rd2 fxg2 24. Ng3 Qxh3 25. Qxd3 Qxh4 26. Rxg2 Rae8 27. Qg6
Qg5 28. Qxg5 hxg5 29. Nf5 Ne4 30. Rf1 Nxc3 31. Rxg5 c5 32. Rxg7+ Kh8 33. Kg2
Rxf5 34. Rxf5 Kxg7 35. dxc5 bxc5 36. a4 d4 37. Rf2 d3 38. Rd2 Rd8 39. Kf3 Nb1
40. Rd1 d2 41. Ke3 Kf6 42. Kf2 Nc3 43. Rxd2 Rxd2+ 44. Ke3 Rd5 45. a5 Nb5 46.
Ke4 Ke6 47. Ke3 Ke5 48. Kf3 Rd4 49. Ke3 Kf5 50. Kf3 Re4 51. Kg3 Rf4 52. Kh3 Rg4
53. Kh2 Kf4 54. Kh3 Kf3 55. Kh2 Rg3 56. Kh1 Kf2 57. Kh2 Rxb3 58. Kh1 Rh3# 0-1

[Event "DSM WK M 2009"]
[Site "Karlsruhe GER"]
[Date "2009.05.17"]
[Round "5"]
[White "Heinemann, Josefine"]
[Black "Hoffmann, Hanna Dorina"]
[Result "1/2-1/2"]
[Termination "normal"]
[Board "6.1"]
[WhiteElo "1120"]
[BlackElo "1398"]
[WhiteTeam "Werner-von-Siemens-Gymnasium Magdeburg"]
[BlackTeam "Mallinckrodt-Gymnasium Dortmund"]
[PlyCount "100"]
[WhiteFideId "12900460"]
[BlackFideId "12909858"]
[EventCountry "GER"]
[EventRounds "7"]
[EventType "team-swiss"]
[EventDate "2009.05.15"]

1. e4 c5 2. Nf3 d6 3. d4 cxd4 4. Nxd4 Nf6 5. Nc3 g6 6. Be3 Bg7 7. f3 O-O 8. Bc4
Bd7 9. Qd2 Nc6 10. Nb3 Ne5 11. Be2 a6 12. O-O-O Rc8 13. Bh6 a5 14. Bxg7 Kxg7
15. Nd5 Nxd5 16. Qxd5 Qc7 17. Qd2 Ba4 18. Kb1 Kg8 19. Rc1 b6 20. Ba6 Rb8 21.
Be2 Nc4 22. Bxc4 Qxc4 23. h4 f6 24. Qd5+ Qxd5 25. exd5 Bxb3 26. cxb3 Rbc8 27.
a3 Rfd8 28. Rhe1 Kf7 29. Rc6 Rxc6 30. dxc6 Rc8 31. Rc1 e5 32. b4 axb4 33. axb4
b5 34. c7 Ke7 35. Rc6 d5 36. Kc2 f5 37. Kd3 Kd7 38. Rc5 Kd6 39. Rxb5 Rxc7 40.
Rb6+ Rc6 41. Rb7 Rc7 42. Rb6+ Rc6 43. Rb7 e4+ 44. fxe4 dxe4+ 45. Ke3 Rc4 46.
Rxh7 Rxb4 47. Rh6 Rb3+ 48. Kf4 e3 49. Rxg6+ Ke7 50. Rg5 e2 1/2-1/2

[Event "DSM WK M 2009"]
[Site "Karlsruhe GER"]
[Date "2009.05.17"]
[Round "5"]
[White "Demetrescu, Alice"]
[Black "Peschos, Celine"]
[Result "1/2-1/2"]
[Termination "normal"]
[Board "6.2"]
[WhiteElo "800"]
[BlackElo "981"]
[WhiteTeam "Mallinckrodt-Gymnasium Dortmund"]
[BlackTeam "Werner-von-Siemens-Gymnasium Magdeburg"]
[PlyCount "44"]
[EventCountry "GER"]
[EventRounds "7"]
[EventType "team-swiss"]
[EventDate "2009.05.15"]

1. d4 d5 2. c4 e6 3. Nc3 Nf6 4. Bg5 Be7 5. e3 c5 6. Bd3 h6 7. Bf4 Nc6 8. Nf3 b6
9. cxd5 exd5 10. dxc5 bxc5 11. Bb5 Bb7 12. Ne5 Rc8 13. Qf3 O-O 14. O-O Nxe5 15.
Bxe5 c4 16. Rad1 a6 17. Ba4 Qa5 18. Qg3 Nh5 19. Qg4 Nf6 20. Qf5 Rfd8 21. Bc2
Bc6 22. Bxf6 Bxf6 1/2-1/2